The particulars of a freehold estate situate in the parish of Saint Clement Danes in the county of Middlesex which will be peremptorily sold in thirty-nine lots, persuant to a decree in the High Court of Chancery...before Edward Leeds Esquire, one of the Masters of the said Court, at the Public Sale Room in Southampton Buildings, Chancery Lane, London on Tuesday the 12th day of November 1799... (Record no. 116631)

MARC details
000 -LEADER
fixed length control field 01017cam a22002055a 4500
001 - CONTROL NUMBER
control field L141159
008 - FIXED-LENGTH DATA ELEMENTS--GENERAL INFORMATION
fixed length control field 071031s1799 xxk eng u
035 ## - SYSTEM CONTROL NUMBER
System control number (Sirsi) u141159
041 0# - LANGUAGE CODE
Language code of text/sound track or separate title eng
245 04 - TITLE STATEMENT
Title The particulars of a freehold estate situate in the parish of Saint Clement Danes in the county of Middlesex which will be peremptorily sold in thirty-nine lots, persuant to a decree in the High Court of Chancery...before Edward Leeds Esquire, one of the Masters of the said Court, at the Public Sale Room in Southampton Buildings, Chancery Lane, London on Tuesday the 12th day of November 1799...
260 ## - PUBLICATION, DISTRIBUTION, ETC.
Place of publication, distribution, etc. S.l.
Name of publisher, distributor, etc. s.n.
Date of publication, distribution, etc. [1799]
300 ## - PHYSICAL DESCRIPTION
Extent 7 p.
Dimensions 33 cm.
340 ## - PHYSICAL MEDIUM
Material base and configuration Printed
351 ## - ORGANIZATION AND ARRANGEMENT OF MATERIALS
Hierarchical level Single item
500 ## - GENERAL NOTE
General note Sale is related to the case of Lady Catherine Pelham Clinton v Lord Robert Seymour and others.
500 ## - GENERAL NOTE
General note Item presented by Major Vivian B. Rogers.
651 4# - SUBJECT ADDED ENTRY--GEOGRAPHIC NAME
Geographic name London
690 ## - LOCAL SUBJECT ADDED ENTRY--TOPICAL TERM (OCLC, RLIN)
Topical term or geographic name as entry element PROPERTY-PROPERTY ACQUISITION AND DISPOSAL-ACQUISITION AND DISPOSAL AT AUCTION
942 ## - ADDED ENTRY ELEMENTS (KOHA)
Suppress in OPAC 0
Holdings
Withdrawn status Lost status Source of classification or shelving scheme Damaged status Not for loan Home library Current library Shelving location Date acquired Total Checkouts Full call number Barcode Date last seen Copy number Price effective from Koha item type
    Dewey Decimal Classification     London London Basement 31/10/2007   BASEMENT BOX 5 141159-1001 06/08/2019 1 06/08/2019 Archive